Managerial economics text, problems, and short cases
Guardado en:
| Autor principal: | |
|---|---|
| Formato: | Libro |
| Lenguaje: | inglés |
| Publicado: |
Homewood
IRWIN
1984
|
| Edición: | 6. ed. |
| Materias: | |
| Etiquetas: |
Sin Etiquetas, Sea el primero en etiquetar este registro!
|
MARC
| LEADER | 00000nam a2200000 4500 | ||
|---|---|---|---|
| 001 | c124641 | ||
| 005 | 20221123135456.4 | ||
| 020 | |a 0-256-02814-1 | ||
| 041 | 0 | |a eng | |
| 044 | |a US | ||
| 245 | 1 | 0 | |a Managerial economics |b text, problems, and short cases |c K.K. Seo |
| 250 | |a 6. ed. | ||
| 264 | 1 | |a Homewood |b IRWIN |c 1984 | |
| 300 | |a 720 s. | ||
| 610 | 2 | 0 | |a ekonómia |
| 610 | 2 | 0 | |a ekonómovia |
| 610 | 2 | 0 | |a manažerizmus |
| 610 | 2 | 0 | |a manažéri |
| 610 | 2 | 0 | |a rozhodovanie manažérske |
| 610 | 2 | 0 | |a procesy rozhodovacie |
| 610 | 2 | 0 | |a analýza regresná |
| 610 | 2 | 0 | |a analýza rozhodovacia |
| 610 | 2 | 0 | |a marketing |
| 610 | 2 | 0 | |a ekonometria |
| 610 | 2 | 0 | |a ekonómia matematická |
| 610 | 2 | 0 | |a analýza rozhodovacia |
| 610 | 2 | 0 | |a správanie spotrebiteľa |
| 610 | 2 | 0 | |a rozhodovanie za rizika |
| 610 | 2 | 0 | |a monopoly |
| 610 | 2 | 0 | |a oligopoly |
| 610 | 2 | 0 | |a rozpočet kapitálový |
| 610 | 2 | 0 | |a štúdie prípadové |
| 100 | 1 | |a Seo, K.K. | |